Las personalidades psicopáticas. / (Record no. 15175)
[ view plain ]
| 000 -CABECERA | |
|---|---|
| campo de control de longitud fija | 00740cam a2200217ua 4500 |
| 001 - NÚMERO DE CONTROL | |
| campo de control | 000015620 |
| 005 - FECHA Y HORA DE LA ÚLTIMA TRANSACCIÓN | |
| campo de control | 20200929164109.0 |
| 008 - DATOS DE LONGITUD FIJA--INFORMACIÓN GENERAL | |
| campo de control de longitud fija | 840121s1972 sp 000 0 spa d |
| 040 ## - FUENTE DE LA CATALOGACIÓN | |
| Centro catalogador/agencia de origen | DO-SdBNP |
| Lengua de catalogación | spa |
| Centro/agencia transcriptor | DLC |
| Centro/agencia modificador | BNPHU |
| 082 ## - NÚMERO DE LA CLASIFICACIÓN DECIMAL DEWEY | |
| Número de clasificación | 362.2 |
| Número de documento/Ítem | H565p |
| 100 1# - ENTRADA PRINCIPAL--NOMBRE DE PERSONA | |
| Nombre de persona | Herrera Luque, Francisco J. |
| 9 (RLIN) | 35205 |
| 245 14 - MENCIÓN DE TÍTULO | |
| Título | Las personalidades psicopáticas. / |
| Mención de responsabilidad, etc. | Francisco J. Herrera Luque ; prólogo, Ibor López. |
| 250 ## - MENCIÓN DE EDICIÓN | |
| Mención de edición | 3a. ed. |
| 260 ## - PUBLICACIÓN, DISTRIBUCIÓN, ETC. | |
| Lugar de publicación, distribución, etc. | Barcelona, (España) : |
| Nombre del editor, distribuidor, etc. | Editorial Científico-Médica, |
| Fecha de publicación, distribución, etc. | 1972. |
| 300 ## - DESCRIPCIÓN FÍSICA | |
| Extensión | xix, 127 p. ; |
| Dimensiones | 20 cm. |
| 650 #4 - PUNTO DE ACCESO ADICIONAL DE MATERIA--TÉRMINO DE MATERIA | |
| Término de materia o nombre geográfico como elemento de entrada | Trastornos de la personalidad |
| 9 (RLIN) | 35206 |
| 650 #4 - PUNTO DE ACCESO ADICIONAL DE MATERIA--TÉRMINO DE MATERIA | |
| Término de materia o nombre geográfico como elemento de entrada | Frustración |
| 9 (RLIN) | 916 |
| 650 #4 - PUNTO DE ACCESO ADICIONAL DE MATERIA--TÉRMINO DE MATERIA | |
| Término de materia o nombre geográfico como elemento de entrada | Trastornos mentales |
| 9 (RLIN) | 18252 |
| 700 1# - PUNTO DE ACCESO ADICIONAL--NOMBRE DE PERSONA | |
| Nombre de persona | López, Ibor, |
| Término indicativo de función/relación | pról. |
| 9 (RLIN) | 35207 |
| 910 ## - DATOS DE OPCIÓN DEL USUARIO (OCLC) | |
| Datos de opción del usuario | Catalogación derivada |
| Estado de retiro | Estado de pérdida | Restricciones de uso | No para préstamo | Código de colección | Localización permanente | Ubicación/localización actual | Ubicación en estantería | Fecha de adquisición | Número de inventario | Total de préstamos | Signatura topográfica completa | Código de barras | Fecha visto por última vez | Precio válido a partir de | Tipo de ítem Koha |
|---|---|---|---|---|---|---|---|---|---|---|---|---|---|---|---|
| Monografías: Libros y Folletos | General | General | En catalogación | 15.02.2010 | LF1 | 362.2 H565p | 15620-10 | 25.06.2020 | 25.06.2020 | Préstamo en sala |
